000 00524cam a22001933a 4500
001 45276
003 PGUSA
005 20140828084035.0
008 140331s2014||||xxu|||||s|||||000 | eng d
040 _aPGUSA
_beng
042 _adc
245 1 0 _aDame Trot and her Cat
_h[electronic resource] /
_cAnonymous
260 _bProject Gutenberg,
_c2014
506 _aPublic domain in the USA.
516 _aElectronic text
830 0 _aProject Gutenberg
_v45276
856 4 0 _uhttp://www.gutenberg.org/ebooks/45276
942 _cEB
999 _c274527
_d274527